Contratos civiles / (Registro nro. 39269)

Detalles MARC
000 -LEADER
fixed length control field 01390nam a2200313 4500
001 - CONTROL NUMBER
control field 0000020796
003 - CONTROL NUMBER IDENTIFIER
control field CO-CtgCURN
005 - DATE AND TIME OF LATEST TRANSACTION
control field 20250429224117.0
007 - PHYSICAL DESCRIPTION FIXED FIELD--GENERAL INFORMATION
fixed length control field ta
008 - FIXED-LENGTH DATA ELEMENTS--GENERAL INFORMATION
fixed length control field 160627s2001 000 0 eng d
020 ## - INTERNATIONAL STANDARD BOOK NUMBER
International Standard Book Number 9586761428
040 ## - CATALOGING SOURCE
Original cataloging agency CO-CtgCURN
Language of cataloging spa
Transcribing agency coctgcurn
082 0# - DEWEY DECIMAL CLASSIFICATION NUMBER
Classification number 347.9
Item number C17c
100 1# - MAIN ENTRY--PERSONAL NAME
Personal name Cardona Hernández, Guillermo.
245 10 - TITLE STATEMENT
Title Contratos civiles /
Statement of responsibility, etc. Guillermo Cardona Hernández.
250 ## - EDITION STATEMENT
Edition statement 3a ed.
260 ## - PUBLICATION, DISTRIBUTION, ETC.
Place of publication, distribution, etc. Bogotá :
Name of publisher, distributor, etc. Ediciones Doctrina y Ley,
Date of publication, distribution, etc. 2001.
300 ## - PHYSICAL DESCRIPTION
Extent xxx, 299 p.
336 ## - CONTENT TYPE
Source rdacontent
337 ## - MEDIA TYPE
Source rdamedia
Media type term sin mediacion
Media type code n
338 ## - CARRIER TYPE
Source rdacarrier
Carrier type term volumen
Carrier type code nc
504 ## - BIBLIOGRAPHY, ETC. NOTE
Bibliography, etc. note Bibliografia (p. [300])
505 8# - FORMATTED CONTENTS NOTE
Formatted contents note Del contrato como acto juridico y fuente de obligaciones.--El contrato de compraventa.--Forma y requisitos del contrato de compraventa.--De la cosa vendida.--De las obligaciones del vendedor y prmeramente de la obligacion de entregar.--Obligaciones del comprador.--Pactos accesorios de la compraventa.--De la rescision de la venta por lesion enorme.--La permuta.--Del contrato de arrendamiento.--De la cesion de derechos.--Del contrato de hipoteca
650 14 - SUBJECT ADDED ENTRY--TOPICAL TERM
Topical term or geographic name entry element Contratos civiles
Geographic subdivision Colombia.
908 ## - PUT COMMAND PARAMETER (RLIN)
Put command parameter 160627
942 ## - ADDED ENTRY ELEMENTS (KOHA)
Koha item type Libros
Classification part 347.9
Item part C17c
Source of classification or shelving scheme Dewey Decimal Classification
Existencias
Withdrawn status Lost status Source of classification or shelving scheme Damaged status Not for loan Collection Home library Current library Shelving location Date acquired Inventory number Total checkouts Full call number Barcode Date last seen Copy number Price effective from Koha item type Public note
    Dewey Decimal Classification     General Miguel Henríquez Castañeda Miguel Henríquez Castañeda General 04/29/2025 014148   347.9 C17c 014148 04/29/2025 ej.1 04/29/2025 Libros 340-DEREC
    Dewey Decimal Classification     General Miguel Henríquez Castañeda Miguel Henríquez Castañeda General 04/29/2025 014149   347.9 C17c 014149 04/29/2025 ej.2 04/29/2025 Libros 340-DEREC